Computer Aided Policy Making.

Bibliographic Details
Main Author: Wyatt, Ray.
Format: eBook
Language:English
Published: Milton : Taylor & Francis Group, 1999.
Edition:1st ed.
Subjects:
Online Access:Click to View
LEADER 01371nam a22003493i 4500
001 EBC7245099
003 MiAaPQ
005 20231204023229.0
006 m o d |
007 cr cnu||||||||
008 231204s1999 xx o ||||0 eng d
020 |a 9781135920319  |q (electronic bk.) 
020 |z 9781138381551 
035 |a (MiAaPQ)EBC7245099 
035 |a (Au-PeEL)EBL7245099 
035 |a (OCoLC)1378933021 
040 |a MiAaPQ  |b eng  |e rda  |e pn  |c MiAaPQ  |d MiAaPQ 
100 1 |a Wyatt, Ray. 
245 1 0 |a Computer Aided Policy Making. 
250 |a 1st ed. 
264 1 |a Milton :  |b Taylor & Francis Group,  |c 1999. 
264 4 |c Ã1999. 
300 |a 1 online resource (227 pages) 
336 |a text  |b txt  |2 rdacontent 
337 |a computer  |b c  |2 rdamedia 
338 |a online resource  |b cr  |2 rdacarrier 
588 |a Description based on publisher supplied metadata and other sources. 
590 |a Electronic reproduction. Ann Arbor, Michigan : ProQuest Ebook Central, 2023. Available via World Wide Web. Access may be limited to ProQuest Ebook Central affiliated libraries.  
655 4 |a Electronic books. 
776 0 8 |i Print version:  |a Wyatt, Ray  |t Computer Aided Policy Making  |d Milton : Taylor & Francis Group,c1999  |z 9781138381551 
797 2 |a ProQuest (Firm) 
856 4 0 |u https://ebookcentral.proquest.com/lib/matrademy/detail.action?docID=7245099  |z Click to View